| 000 | 01142cam a2200217 4500 | ||
|---|---|---|---|
| 001 | ABS66181 | ||
| 008 | 021202n2002 000 0 eng u | ||
| 035 | _a(Sirsi) u120633 | ||
| 100 | _aHaring, A | ||
| 245 | _aOrganic farms in the EU: status quo, development strategies and policy impacts on selected arable and dairy farms | ||
| 260 | _c2002 | ||
| 490 |
_aFarm Management _v11(6) October 2002, 387-397(6) |
||
| 520 | _aOrganic farming is increasingly considered in the European Common Agricultural Policy, Sound evaluations of the effects of policy measures on organic farms in the EU are needed to face the challenges in future policy design. The effects of various policy scenarios on profitablity and development strategies of typical organic arable and dairy farms are analysed for the EU countries, Germany, Denmark, the United Kingdom and Italy. For each policy scenario potential farm adaption strategies are forecast. | ||
| 590 | _aABS | ||
| 650 | _aORGANIC FARMING | ||
| 650 | _aCOMMON AGRICULTURAL POLICY | ||
| 650 | _aDAIRY FARMS | ||
| 650 | _aARABLE FARMS | ||
| 690 | _aRURAL-AGRICULTURE AND FORESTRY | ||
| 942 | _n0 | ||
| 999 |
_c71683 _d71683 |
||